| 000 | 00000nam##2200000za#4500 |
| 001 | 9.618664 |
| 003 | CaOODSP |
| 005 | 20210929082758 |
| 007 | ta |
| 008 | 150406|2008||||xxc||||| f|0| 0 eng|d |
| 020 | |a978-0-662-47885-0 |
| 022 | |a0830-0453 |
| 040 | |aCaOODSP|beng |
| 043 | |an-cn--- |
| 086 | 1 |aFo143-2/415E |
| 110 | 1 |aCanada. |bNatural Resources Canada. |bCanadian Forest Service. |
| 245 | 13|aAn examination of the threats and risks to forests arising from invasive alien species / |c[by] Emina Krcmar. |
| 260 | |bNatural Resources Canada. |c2008. |
| 300 | |axii, 40p. : |bcoloured maps, fig., references, tables ; |c28 cm. |
| 490 | 1 |aInformation report [BC-X-series]|x0830-0453|vBC-X-415 |
| 546 | |a(Résumé en français.) |
| 563 | |aSoftcover |
| 590 | |a08-27|b2008-07-04 |
| 720 | 1 |aKrcmar, Emina |
| 776 | 0#|tAn examination of the threats and risks to forests arising from invasive alien species / |w(CaOODSP)9.563659 |
| 830 | #0|aInformation report (Pacific Forestry Centre)|x0830-0453|vBC-X-415|w(CaOODSP)9.515248 |